Zaujímavosti z histórie a súčasnosti mostného staviteľstva

Bibliographic Details
Main Author: Baláž, Ivan, 1948- (Author)
Format: Article
Language:Slovak
PhysicalDescription:Fotogr., obr., tab.
Subjects:

MARC

LEADER 00000nab a2200000 a 4500
001 vtls000825194
003 SK-MaSNL
005 20260303195029.0
008 140328c2002 xo 0 slo
015 |a SNBRB2003/02-05131 
035 |a CLN000176849 
040 |a SNKBUCL  |b slo  |c SNKBUCL  |e AACR2 
041 0 |a slo 
044 |a xo  |c SK 
080 |a 624.2/.8  |2 1997 
100 1 |a Baláž, Ivan,  |d 1948-  |4 aut  |9 189432 
245 1 0 |a Zaujímavosti z histórie a súčasnosti mostného staviteľstva  |c Ivan Baláž 
300 |b Fotogr., obr., tab. 
650 0 7 |a dejiny  |2 SNKPH  |9 3825 
650 0 7 |a mosty  |2 SNKPH  |9 3015 
650 0 7 |a mostné staviteľstvo  |2 SNKPH  |9 72880 
655 7 |a články z novín a časopisov  |2 SNK  |9 267496 
773 0 |t ASB  |g Roč. 9, č. 1 (2002), s. 64-70 
850 |a Slovenská národná knižnica v Martine 
852 |a SNK  |b KIS3GCP 
992 |a RBX 
999 |c 2160613  |d 2162543